Word Ladder: Scorsese Films Quiz Stats

Quiz Updated Apr 16, 2015

Challenge
Share
Tweet
Embed
Score 0/42 Timer 04:00
0 Plays Today
Hint 4-Letter Word % Correct
✯ Gangs of New ____ ✯ YORK ✯
98%
✯ Alice Doesn't Live Here Any____ ✯ MORE ✯
97.8%
Center of a planet or appleCORE
97.5%
Wine bottle stopperCORK
97.1%
Tender loving ____CARE
95.9%
✯ The Wolf of ____ Street ✯ ✯ WALL ✯
95.6%
Place to deposit moneyBANK
94.9%
Armored war vehicleTANK
94.6%
Better than silverGOLD
94.5%
✯ ____fellas ✯ ✯ GOOD ✯
94.4%
To speak, converseTALK
94.2%
Opposite of shortTALL
93.8%
What four balls in baseball results inWALK
92.5%
Olden word for the pastYORE
92.4%
✯ Raging ____ ✯ BULL ✯
91.2%
Google alternativeBING
90.6%
Something you do to a drum slowlyBANG
90.3%
Jethro ____ (band)TULL
88.8%
✯ The ____ Temptation of Christ ✯ LAST
88.7%
Corrosion of metal due to oxygenRUST
88.6%
Physical desireLUST
88.3%
Hint 4-Letter Word % Correct
Small member of the litterRUNT
87.1%
✯ The ____ of Comedy ✯ ✯ KING ✯
85.5%
Boat structure to hold sails, rigging, etcMAST
84.7%
✯ ____ Driver ✯ ✯ TAXI ✯
83.9%
Fortune favors this type of personBOLD
83.2%
✯ ____ Fear ✯ ✯ CAPE ✯
83.1%
To go on about something annoyingRANT
81.5%
Thick outer covering like on an orangeRIND
80.4%
Type of weevilBOLL
80.3%
A prolonged sound uttered in pain (usually)MOAN
80.2%
✯ ____ Streets ✯ ✯ MEAN ✯
80.2%
A state or quality of feelingMOOD
80.2%
Showing warmth, careKIND
79.2%
Word used with some scotches or vinegarsMALT
77.7%
Full, waning, or Sailor followerMOON
76.8%
'Atlas Shrugged' authorRAND
76.6%
A long dressMAXI
76.5%
Country in West AfricaMALI
76.2%
Fermented honey drinkMEAD
68.8%
Being nothing more than what is specifiedMERE
64%
Archaic English word for dungMERD
55.3%

Today's Daily Dose

You're not logged in!

Compare scores with friends on all Sporcle quizzes.
Join for Free
OR
Log In

You Might Also Like...

Show Comments

Extras

Top Quizzes Today


Score Distribution

Your Account Isn't Verified!

In order to create a playlist on Sporcle, you need to verify the email address you used during registration. Go to your Sporcle Settings to finish the process.

Report this User

Report this user for behavior that violates our Community Guidelines.

Details: